Country Capitals By Letter- K - Statistics

General Stats
  • This quiz has been taken 1,339 times
  • The average score is 8 of 11
Answer Stats
Capital % Correct
Kigali
75%
Kinshasa
75%
Kabul
71%
Kampala
71%
Kathmandu
71%
Kuala Lumpur
70%
Kuwait City
68%
Khartoum
67%
Kingston
67%
Kiev
66%
Kingstown
61%
No matching quizzes found
Score Distribution
Percent of People with Each Score
Percentile by Number Answered
Your Score History
You have not taken this quiz